00392cam a22000977a 4500008004000000082001400040245012900054260003500183300000900218700006700227180718b1986 xxu||||| |||| 00| 0 eng d aL12 Un3dd aDoubling development finance: meeting a global challengecby Department of International Economic and Social Affairs, U.S.A. aNew YorkbUnited Nationsc1986 a47p. aU.S.A. Department of International Economic and Social Affairs